Αθρακική ιζηματογένηση σε νησιώτικο υφαλοκρηπιδικό σύστημα : τα στενά Κύθηρα -Αντικύθηρα : Νοτιοδυτικό Αιγαίο : πτυχιακή εργασία
Αποθηκεύτηκε σε:
| Κύριος συγγραφέας: | |
|---|---|
| Συγγραφή απο Οργανισμό/Αρχή: | |
| Άλλοι συγγραφείς: | |
| Μορφή: | Thesis Βιβλίο |
| Γλώσσα: | Greek |
| Δημοσίευση: |
Μυτιλήνη :
Πανεπιστήμιο Αιγαίου, Τμήμα Επιστημών της Θάλασσας,
2004
|
| Θέματα: | |
| Διαθέσιμο Online: | http://hdl.handle.net/11610/7279 |
| Ετικέτες: |
Προσθήκη ετικέτας
Δεν υπάρχουν, Καταχωρήστε ετικέτα πρώτοι!
|
MARC
| LEADER | 00000cam a2200000 i 4500 | ||
|---|---|---|---|
| 001 | 1/24690 | ||
| 008 | 060220s2004 gre d | ||
| 035 | |l 10082728 | ||
| 040 | |a GR-MY-UA |b gre |e aacr | ||
| 041 | 0 | |a gre | |
| 082 | 0 | |a 551.36 |2 (22) | |
| 100 | 1 | |a Μονιούδη, Ισαβέλα. | |
| 245 | 1 | 0 | |a Αθρακική ιζηματογένηση σε νησιώτικο υφαλοκρηπιδικό σύστημα : |b τα στενά Κύθηρα -Αντικύθηρα : Νοτιοδυτικό Αιγαίο : πτυχιακή εργασία / |c Μονιούδη Ισαβέλα ; υπεύθυνος καθηγητής Χρήστος Αναγνώστου |
| 260 | |a Μυτιλήνη : |b Πανεπιστήμιο Αιγαίου, Τμήμα Επιστημών της Θάλασσας, |c 2004 | ||
| 300 | |a 123 σ.; |b εικ., διαγρ., πιν.; |c 30 εκ. | ||
| 502 | |a Πτυχιακή εργασία – Πανεπιστήμιο Αιγαίου, Λέσβος, 2004. | ||
| 504 | |a Bιβλιογραφία: σ. 109-110 | ||
| 650 | 0 | 0 | |a Sedimentation and deposition |z Aegean Sea. |
| 650 | 0 | 0 | |a Marine sediments |z Aegean Sea. |
| 650 | 0 | 0 | |a Marine geotechnique. |
| 650 | 0 | 0 | |a Dissertations, Academic |z Greece. |
| 700 | 1 | |a Αναγνώστου, Χρήστος. |4 ths | |
| 710 | 2 | |a Πανεπιστήμιο Αιγαίου |b Σχολή Περιβάλλοντος |b Τμήμα Επιστημών της Θάλασσας. | |
| 852 | |a INST |b LESVOS |c DIATR |e 20060220 |h 49 |p 005100036026 |q 005100036026 |t DIE |y 23 | ||
| 852 | |a INST |b LESVOS |c DIATR |e 20060220 |h 50 |p 005100035733 |q 005100035733 |t DIE |y 23 | ||
| 856 | |u http://hdl.handle.net/11610/7279 | ||
| 901 | |a BIBL1-2006-1 | ||
| 909 | |a Λ |b 115299 | ||
| 909 | |a Λ |b 115298 | ||
| 924 | |a ΜΟΝΙΟΥΔΗ |b ΙΣΑΒΕΛΑ |y ΛΕΣΒΟΣ |z 2004-10 | ||
| 970 | |a ΜΑΡΙΝΑΤΟΥ |b ΜΥΡΣΙΝΗ |z 2006/02/20 | ||